Top 5 Tennis Grand Slam German Men's Players in Open Era - Statistics

General Stats
  • This quiz has been taken 93 times
  • The average score is 3 of 5
Answer Stats
# Player Best Performance Points % Correct
1 Boris Becker Win (6) 94
96%
2 Alexander Zverev Final 52
83%
3 Michael Stich Win (1) 35
65%
4 Tommy Haas Semifinals 28
60%
5 Nicolas Kiefer Semifinals 17
22%
No matching quizzes found
Score Distribution
Percent of People with Each Score
Percentile by Number Answered
Your Score History
You have not taken this quiz